Praying with Jesus / (Record no. 9000)
[ view plain ]
| 000 -LEADER | |
|---|---|
| fixed length control field | 00455nam a22001817a 4500 |
| 003 - CONTROL NUMBER IDENTIFIER | |
| control field | OSt |
| 005 - DATE AND TIME OF LATEST TRANSACTION | |
| control field | 20140310182051.0 |
| 008 - FIXED-LENGTH DATA ELEMENTS--GENERAL INFORMATION | |
| fixed length control field | 130822t xxu||||| |||| 00| 0 eng d |
| 020 ## - INTERNATIONAL STANDARD BOOK NUMBER | |
| International Standard Book Number | 9780850091656 |
| 050 ## - LIBRARY OF CONGRESS CALL NUMBER | |
| Classification number | BV 230 |
| Item number | .C545 1987 |
| 082 ## - DEWEY DECIMAL CLASSIFICATION NUMBER | |
| Classification number | HS 242 |
| Item number | CHO 1987 |
| 100 ## - MAIN ENTRY--PERSONAL NAME | |
| Personal name | Cho, Paul Y. |
| 9 (RLIN) | 12095 |
| 245 ## - TITLE STATEMENT | |
| Title | Praying with Jesus / |
| Statement of responsibility, etc | Paul Y. Cho. |
| 300 ## - PHYSICAL DESCRIPTION | |
| Extent | 142 p. ; |
| Dimensions | 18 cm. |
| 650 ## - SUBJECT ADDED ENTRY--TOPICAL TERM | |
| Topical term or geographic name as entry element | Devotional literature |
| 9 (RLIN) | 7218 |
| 942 ## - ADDED ENTRY ELEMENTS (KOHA) | |
| Source of classification or shelving scheme | Library of Congress Classification |
| Withdrawn status | Lost status | Source of classification or shelving scheme | Damaged status | Home library | Current library | Shelving location | Date acquired | Total Checkouts | Full call number | Barcode | Date last seen | Copy number | Price effective from | Koha item type |
|---|---|---|---|---|---|---|---|---|---|---|---|---|---|---|
| Library of Congress Classification | Luxembourg Library | Luxembourg Library | High School Section | 08/22/2013 | BV 230 .C545 1987 | 4795 | 02/02/2016 | 1 | 08/22/2013 | Books |